Detalles MARC
| 000 -CABECERA |
| campo de control de longitud fija |
00816nam a2200181 a 4500 |
| 001 - NÚMERO DE CONTROL |
| campo de control |
000039713 |
| 005 - FECHA Y HORA DE LA ÚLTIMA TRANSACCIÓN |
| campo de control |
20201002033708.0 |
| 008 - DATOS DE LONGITUD FIJA--INFORMACIÓN GENERAL |
| campo de control de longitud fija |
130717s2000 sp 000 0 spa d |
| 040 ## - FUENTE DE LA CATALOGACIÓN |
| Centro catalogador/agencia de origen |
DO-SdBNP |
| Lengua de catalogación |
spa |
| Centro/agencia transcriptor |
BNPHU |
| 245 00 - MENCIÓN DE TÍTULO |
| Título |
Enciclopedia iberoamericana de filosofía : |
| Resto del título |
del renacimiento a la ilustracion II / |
| Mención de responsabilidad, etc. |
Edición de Javier Echeverria. |
| 260 ## - PUBLICACIÓN, DISTRIBUCIÓN, ETC. |
| Lugar de publicación, distribución, etc. |
Madrid : |
| Nombre del editor, distribuidor, etc. |
Consejo Superior de Investigaciones Científicas, |
| Fecha de publicación, distribución, etc. |
2000. |
| 300 ## - DESCRIPCIÓN FÍSICA |
| Extensión |
v. ; |
| Dimensiones |
22 cm. |
| 490 1# - MENCIÓN DE SERIE |
| Mención de serie |
Enciclopedia iberoamericana de filosofía |
| Designación de volumen o secuencia |
21, 26 |
| 504 ## - NOTA DE BIBLIOGRAFÍA, ETC. |
| Nota de bibliografía, etc. |
Bibliografía |
| 505 0# - NOTA DE CONTENIDO CON FORMATO |
| Información miscelánea |
V.1 |
| Título |
Cuestiones metafísicas / |
| Mención de responsabilidad |
ed. de Juliana González y Eugenio Trías |
| Información miscelánea |
v. 2 |
| Título |
Del renacimiento a la ilutración / |
| Mención de responsabilidad |
ed. de Javier Echaverria |
| 700 1# - PUNTO DE ACCESO ADICIONAL--NOMBRE DE PERSONA |
| Nombre de persona |
Echeverría, Javier, |
| Término indicativo de función/relación |
ed. |
| 9 (RLIN) |
65907 |
| 830 #0 - PUNTO DE ACCESO ADICIONAL DE SERIE-TÍTULO UNIFORME |
| Título uniforme |
Enciclopedia iberoamericana de filosofía |
| Designación de volumen o secuencia |
21,26 |
| 9 (RLIN) |
15735 |